Ngôi sao cô đơn
保存先:
| 第一著者: | |
|---|---|
| フォーマット: | 図書 |
| 言語: | Undetermined |
| 出版事項: |
Thành phố Hồ Chí Minh
Văn nghệ / Cty VH Phương Nam
2006
|
| 主題: | |
| タグ: |
タグ追加
タグなし, このレコードへの初めてのタグを付けませんか!
|
| Thư viện lưu trữ: | Trung tâm Học liệu Trường Đại học Cần Thơ |
|---|
| LEADER | 00631nam a2200205Ia 4500 | ||
|---|---|---|---|
| 001 | CTU_112356 | ||
| 008 | 210402s9999 xx 000 0 und d | ||
| 020 | |c 24455 | ||
| 082 | |a 895.922334 | ||
| 082 | |b Th552 | ||
| 100 | |a Nguyễn, Đông Thức | ||
| 245 | 0 | |a Ngôi sao cô đơn | |
| 245 | 0 | |c Nguyễn Đông Thức | |
| 260 | |a Thành phố Hồ Chí Minh | ||
| 260 | |b Văn nghệ / Cty VH Phương Nam | ||
| 260 | |c 2006 | ||
| 650 | |a Vietnamese fiction,Vietnamese literature | ||
| 650 | |y 20th century,20th century | ||
| 904 | |i Giang | ||
| 980 | |a Trung tâm Học liệu Trường Đại học Cần Thơ | ||